| 000 | 00564nam a22001937a 4500 | ||
|---|---|---|---|
| 003 | OSt | ||
| 005 | 20140310181710.0 | ||
| 008 | 121207t xxu||||| |||| 00| 0 eng d | ||
| 020 | _a9715420958 | ||
| 050 |
_aPL 6058.6 _b.Sa235 1997 |
||
| 082 |
_aFIL 899.2111 _b Sa5 1997 |
||
| 245 |
_aSa ngalan ng ina : _cSantiago, Lilia Quindoza. _bsandaang taon ng tulang feminista sa Pilipinas 1889-1989 / |
||
| 260 |
_aQuezon City ,Philippines: _bUP Press, _c1997. |
||
| 300 |
_a393 p. ; _c25 cm |
||
| 942 |
_2lcc _cBK |
||
| 999 |
_c1532 _d1532 |
||